00796cam a2200217 a 450000100100000000500170001000800410002704000240006804100380009208200180013010000360014824000500018424501070023426000370034130000210037849000110039953400590041065000670046970000310053683000110056700000454520200929151446.0820604s1969 ve 000 0 spa  aDO-SdBNPcCarPdDLC17aspahger2Código de idioma MARC a327.86bA241i1 aAdorno, Theodor W.,d1903-1969.10aEingriffe, neun kritische modelle.lEspañol10aIntervenciones :bnuevos modelos de crítica /cTheodor W. Adorno; traducción, Roberto J. Vernengo. aCaracas :bMonte Ávila,c1969. a161 p. ;c20 cm.1 aPrisma aTítulo original:tEingriffe, neun kritische modelle. 4aHistoria socialySIGLO XXxDirecciones, ensayos y conferencias1 aVernengo, Roberto J.,etr. 0aPrisma